000 00296nam a2200121Ia 4500
008 190216s9999||||xx |||||||||||||| ||und||
100 _aCharles Dickens
245 2 _aA Tale Of Two Cities
260 _bMac Millian And Com. Ltd
_c1964
300 _a153p
650 _aEnglish Stories
942 _cBK
999 _c12510
_d12510